| 000 | 00433nam a2200145 a 4500 | ||
|---|---|---|---|
| 001 | 000028493 | ||
| 005 | 20200930054956.0 | ||
| 008 | 110408s1988 dr ac 000 0 spa d | ||
| 040 |
_aDO-SdBNP _bspa _cBNPHU |
||
| 082 |
_axxx _bF745a |
||
| 100 | 1 |
_aFortunato, René, _d1958- _955460 |
|
| 245 | 1 | 0 |
_aAbril : _bla trinchera del honor / _cRené Fortunato. |
| 260 |
_aSanto Domingo : _bBúho, _c1988. |
||
| 300 |
_a19 p. : _bil., retrs. ; _c22 cm. |
||
| 999 |
_c27985 _d27985 |
||